000 00546nam a2200181Ia 4500
008 090123s9999 xx 000 0 und d
082 _b3819
_a891.463/शेळके
100 _aशेळके उध्दव ज.
245 _aगर्विता
250 _a1
260 _bमेनका प्रकाशन
_c1974
300 _a144
600 _aशेळके उध्दव ज.
630 _aगर्विता
700 _aशेळके उध्दव ज.
730 _aगर्विता
942 _cBOOK
999 _c41895
_d41895